Loading...
| Science - Chemistry | 1 | 6 | 1 | 2 | 70 | 49 | 89.29 | 3 | 7 |
| Science - Biology | 0 | 5 | 0 | 0 | 50 | 60 | 92.40 | 4 | 5 |
| Social Science | 0 | 4 | 0 | 0 | 40 | 90 | 106.50 | 1 | 3 |
| Science - Physics | 0 | 4 | 1 | 1 | 35 | 88 | 103.75 | 0 | 4 |
| Philosophy | 0 | 4 | 1 | 2 | 35 | 92 | 112.50 | 1 | 3 |
| Literature - American Literature | 0 | 2 | 0 | 0 | 20 | 118 | 125.50 | 0 | 2 |
| Visual Arts | 0 | 1 | 0 | 0 | 10 | 113 | 113.00 | 0 | 1 |
| Literature - World Literature | 0 | 1 | 0 | 0 | 10 | 88 | 88.00 | 1 | 1 |
| Beliefs | 0 | 1 | 0 | 0 | 10 | 131 | 131.00 | 0 | 1 |
| History - Ancient History | 0 | 0 | 0 | 0 | 0 | 0.00 | 0 | 0 | |
| Literature - British Literature | 0 | 0 | 1 | 0 | -5 | 0.00 | 0 | 0 |